History Quiz

Random History or Century Quiz

19th Century Europeans' Name Match Quiz Stats

 Plays Quiz Updated Jul 13, 2018

Score 0/30 Timer 06:00
4 Plays Today
% Correct
Napoleon
98.6%
Charles
97.6%
Karl
97.6%
Jane
95.7%
Florence
95.1%
Oscar
94.8%
Otto
94.3%
Claude
94.2%
Charlotte
92.2%
Mary
92%
Victor
91.6%
Jules
91.6%
Bram
90.5%
Alfred
88.8%
Friedrich
88.3%
% Correct
Anton
83.2%
Richard
83%
Fyodor
83%
Horatio
80.5%
Edvard
80.5%
Giuseppe
80.4%
Franz
79.4%
Claude
78.9%
Giuseppe
78.2%
Dmitri
76.3%
Emile
74.4%
Gregor
73%
Francisco
73%
Friedrich
71%
Louis
58.8%

You're not logged in!

Compare scores with friends on all Sporcle quizzes.
Join for Free
OR
Log In

You Might Also Like...

Show Comments

Extras

Top Quizzes Today


Score Distribution

Your Account Isn't Verified!

In order to create a playlist on Sporcle, you need to verify the email address you used during registration. Go to your Sporcle Settings to finish the process.

Report this User

Report this user for behavior that violates our Community Guidelines.

Details: